000 00528nam a2200193Ia 4500
005 20250508161857.0
008 008 250505s9999 xx 000 0 eng d
037 _aReference
040 _aFEDL
_beng
_cFEDL
041 _aeng
_2eng
084 _a370.15, BER
_qFEDL
100 _aBernard Harold W
245 0 _aPsychology of learning and teaching
250 _a3rd
260 _aNew York, USA
_bMcGraw-Hill Book Company
_c1965
300 _a500p.
942 _cREF
_h370.15, BER
999 _c1372876
_d1372876